Normal view
MARC view
- Novel
Entry Personal Name
001 - CONTROL NUMBER
- control field: 6319
003 - CONTROL NUMBER IDENTIFIER
- control field: OSt
005 - DATE AND TIME OF LATEST TRANSACTION
- control field: 20241007152254.0
008 - FIXED-LENGTH DATA ELEMENTS
- fixed length control field: 241007|| aca||aabn | a|a d
040 ## - CATALOGING SOURCE
- Original cataloging agency: OSt
- Transcribing agency: OSt
100 ## - HEADING--PERSONAL NAME
- Personal name: Novel
670 ## - SOURCE DATA FOUND
- Source citation: Work cat.: (OSt)18138: Madhavikutty 242, Vakkeelammavan /, 2024 (2006)
